Redesigning cities: principles, practice, implementation (Record no. 55791)

MARC details
000 -LEADER
fixed length control field 00685nam a2200181 a 4500
008 - FIXED-LENGTH DATA ELEMENTS--GENERAL INFORMATION
fixed length control field 101028s2003 ||||||||||||||||| || u
020 ## - INTERNATIONAL STANDARD BOOK NUMBER
International Standard Book Number 9781884829703
050 ## - LIBRARY OF CONGRESS CALL NUMBER
Classification number HT 123 Bar
100 ## - MAIN ENTRY--PERSONAL NAME
Personal name Barnett, Jonathan
245 10 - TITLE STATEMENT
Title Redesigning cities: principles, practice, implementation
Statement of responsibility, etc. by Jonathan Barnett
260 ## - PUBLICATION, DISTRIBUTION, ETC.
Place of publication, distribution, etc. Chicago:
Name of publisher, distributor, etc. Planners Press
Date of publication, distribution, etc. 2003
300 ## - PHYSICAL DESCRIPTION
Extent vi, 312p.: ill
350 ## - PRICE (NR) (BK AM CF MU VM SE) [OBSOLETE]
Price 0.00
650 ## - SUBJECT ADDED ENTRY--TOPICAL TERM
Topical term or geographic name entry element PLANNING
650 ## - SUBJECT ADDED ENTRY--TOPICAL TERM
Topical term or geographic name entry element CITIES AND TOWNS--UNITED STATES
650 ## - SUBJECT ADDED ENTRY--TOPICAL TERM
Topical term or geographic name entry element CITY PLANNING--UNITED STATES
995 ## - RECOMMENDATION 995 [LOCAL, UNIMARC FRANCE]
-- 0.00
-- CBU-MAIN LIBRARY (Kitwe)
-- 1
-- 0.00
-- 1
-- AVAILABLE
-- Nov 22, 2010
-- Main Library Open Access Collection
Holdings
Withdrawn status Lost status Source of classification or shelving scheme Damaged status Not for loan Home library Current library Shelving location Date acquired Total Checkouts Full call number Barcode Date last seen Price effective from Koha item type
          CBU-MAIN LIBRARY, KITWE. CBU-MAIN LIBRARY, KITWE.   11/30/2022   HT 123 Bar 741856 11/30/2022 11/30/2022 MONOGRAPH